<?xml version="1.0" encoding="UTF-8"?>
<collection xmlns="http://www.loc.gov/MARC21/slim">
 <record>
  <leader>     na                 </leader>
  <controlfield tag="001">INLIS000000000691673</controlfield>
  <controlfield tag="005">20200211102659</controlfield>
  <datafield tag="035" ind1=" " ind2=" ">
   <subfield code="a">0010-0220000237</subfield>
  </datafield>
  <controlfield tag="007">ta</controlfield>
  <controlfield tag="008">200211                g          m ind  </controlfield>
  <datafield tag="020" ind1=" " ind2=" ">
   <subfield code="a">979-25-4503-4</subfield>
  </datafield>
  <datafield tag="082" ind1=" " ind2=" ">
   <subfield code="a">297.5</subfield>
  </datafield>
  <datafield tag="084" ind1=" " ind2=" ">
   <subfield code="a">297.5 ABU m</subfield>
  </datafield>
  <datafield tag="100" ind1="0" ind2=" ">
   <subfield code="a">Abu Abdillah Bin Abdul Latief</subfield>
  </datafield>
  <datafield tag="245" ind1="1" ind2=" ">
   <subfield code="a">Mendidik Anak Menjadi Pintar &amp; Shalih /</subfield>
   <subfield code="c">Abu Abdillah Bin Abdul Latief</subfield>
  </datafield>
  <datafield tag="250" ind1=" " ind2=" ">
   <subfield code="a">cet l;</subfield>
  </datafield>
  <datafield tag="260" ind1=" " ind2=" ">
   <subfield code="a">Jogjakarta :</subfield>
   <subfield code="b">DARUL HIKMAH,</subfield>
   <subfield code="c">2008</subfield>
  </datafield>
  <datafield tag="300" ind1=" " ind2=" ">
   <subfield code="a">276 hlm :</subfield>
   <subfield code="b">ilus ;</subfield>
   <subfield code="c">14 X 21 cm</subfield>
  </datafield>
  <datafield tag="856" ind1=" " ind2=" ">
   <subfield code="a">Ruang Baca Umum</subfield>
  </datafield>
  <datafield tag="990" ind1=" " ind2=" ">
   <subfield code="a">DPKBWI0620</subfield>
  </datafield>
 </record>
</collection>
